000 01204nam a22002537a 4500
005 20240305165452.0
007 cr|||| ||||
008 170902s2017 co |||||s|||| 00||0 spa d
020 _a978-958-59514-9-5
035 _a20490
040 _avLex
090 _c6902
_d6902
100 1 _aChavarro Cadena, Jorge Enrique
245 1 0 _aCartilla de información exógena en medios magnéticos para la DIAN 2017-2018
_h[Recurso electrónico] /
_cJorge Enrique Chavarro Cadena, Jorge Enrique Beltrán Triana
256 _aServicio en línea
260 _aBogotá:
_bEditorial Nueva Legislación,
_c2017
300 _a1 recurso electrónico
506 1 _aDisponible solo en los productos indicados
_dvLex Global
_dvLex Global (Academic Edition, excluding Law Schools)
_dvLex Global (U.S. Academic Edition, Law Schools)
_dvLex Global (U.S. Academic Edition, excluding Law Schools)
_dvLex Global (Academic Edition, Law Schools)
650 0 4 _aDerecho Fiscal
_zColombia
700 1 _aBeltrán Triana, Jorge Enrique
740 0 _avLex Libros (Servicio en línea)
856 4 0 _uhttps://app.vlex.com/#/sources/cartilla-de-informacion-exogena-en-medios-magneticos-para-la-dian-2017-2018-20490
942 _cRAA
999 _c165149
_d165149